| 000 | 01006cad a22002295a 4500 | ||
|---|---|---|---|
| 001 | E147714 | ||
| 008 | 090608s2009 xxu f 000 0 eng d | ||
| 035 | _a(Sirsi) u147714 | ||
| 041 | 0 | _aeng | |
| 050 | 0 | 4 | _a333.33 $2 18 |
| 110 | 2 |
_aCushman and Wakefield _9244 |
|
| 245 | 0 | 0 |
_aBusiness briefing _bUS retail, when the storm passes _h[electronic resource] |
| 260 |
_a[U.S.] _bCushman & Wakefield _c2009 |
||
| 505 | 2 | _aA break in the rain? -- Market focus -- Conclusion | |
| 520 | _aSuggests that the outlook for the retail sector is increasingly bright, although growth plans are more conservative. Demand and vacancy rates for retail property emphasise this, with retailers trying to rein in operating costs as much as possible. | ||
| 521 | _aAdvanced | ||
| 590 | _aKA | ||
| 651 | 4 |
_aUnited States _y1959- |
|
| 690 | _aPROPERTY-COMMERCIAL PROPERTY-RETAIL PROPERTY | ||
| 856 | 4 | 0 |
_uhttps://www.cushwake.com _zView the report free of charge (requires registration) at www.cushwake.com... |
| 942 | _n0 | ||
| 999 |
_c109699 _d109699 |
||